| 000 | 00542 a2200193 4500 | ||
|---|---|---|---|
| 001 | 066421 | ||
| 003 | OSt | ||
| 005 | 20210928115412.0 | ||
| 008 | |||
| 082 |
_a004.62 _bD44D |
||
| 100 | 1 | _aDeploying and managing IP over WDM network | |
| 245 | 1 |
_aDeploying and managing IP over WDM network _cedited by Joan Serrat and Alex Galis |
|
| 260 |
_aBoston _bArtech House _c2003 |
||
| 300 | _a288p. | ||
| 690 | _aComputer Science | ||
| 700 | _aSerrat, Joan, ed. | ||
| 700 | _aGalis, Alex, ed. | ||
| 942 |
_2ddc _cBK |
||
| 999 |
_c477 _d477 |
||